=LDR 00000nam 2200000 4500 =001 INLIS000000000039457 =005 20130612145101 =008 ***********************************Ind** =035 ##$$0010-061300000039457 =041 ##$$a Ind =082 ##$$a 793.8 =090 ##$$a 973.8, Did b =100 ##$$a Didiek. S =245 ##$$a Belajar sulap dalam 7 hari/Didiek s =260 ##$$a 2009 $b Yogyakarta =300 ##$$a 71 hlm., ilus., 21 cm =650 ##$$a Sulap =850 ##$$a NBPNMAT =990 ##$$a 0001/BPAP-NTB/2015